TNA Wrestling PPV Main Events - 2011 - Statistics

General Stats
  • This quiz has been taken 33 times
  • The average score is 13 of 15
Answer Stats
PPV Answer % Correct
Destination X, Turning Point, Final Resolution AJ Styles
100%
Lockdown, Bound for Glory, Turning Point, Final Resolution Bobby Roode
100%
Genesis, Against All Odds, Victory Road Jeff Hardy
100%
Slammiversary, Hardcore Justice, No Surrender, Bound for Glory Kurt Angle
100%
Lockdown Matt Hardy
100%
Victory Road, Sacrifice, Hardcore Justice, No Surrender Sting
100%
Genesis, Against All Odds, No Surrender Mr. Anderson
92%
Lockdown, Destination X Christopher Daniels
88%
Lockdown James Storm
88%
Lockdown Abyss
83%
Lockdown Bully Ray
79%
Sacrifice Rob Van Dam
79%
Slammiversary Jeff Jarrett
75%
Lockdown Kazarian
71%
Lockdown Ric Flair
63%
No matching quizzes found
Score Distribution
Percent of People with Each Score
Percentile by Number Answered
Your Score History
You have not taken this quiz